[Event "IsBank TCh-TUR 2013"]
[Site "Denizli TUR"]
[Date "2013.06.30"]
[Round "2.7"]
[White "Savran,S"]
[Black "Dastan,B"]
[Result "1/2-1/2"]
[WhiteElo "1883"]
[BlackElo "2409"]

1.d4 d5 2.c4 c6 3.Nf3 Nf6 4.e3 e6 5.Nc3 Nbd7 6.Qc2 Bd6 7.g4 dxc4 8.Bxc4 b5
9.Be2 h6 10.Rg1 Bb7 11.Bd2 Rc8 12.g5 hxg5 13.Rxg5 Kf8 14.a3 a5 15.h4 Be7
16.Rg1 b4 17.axb4 axb4 18.Ne4 c5 19.Nxf6 Nxf6 20.dxc5 Bxc5 21.Ng5 Qe7 22.Rc1 Rxh4
23.b3 Bb6 24.Qb2 Rxc1+ 25.Bxc1 Qc7 26.Bd2 Qh2 27.Rf1 Qd6 28.Rg1 Bc5 29.Qa1 Rh2
30.Qb2 Bd5 31.Qc2 e5 32.Bc1 Bb6 33.Bb2 Qc7 34.Qf5 Bxb3 35.Qxe5 Rh4 36.Nf3 Qxe5
37.Bxe5 Rg4 38.Rxg4 Nxg4 39.Bd6+  1/2-1/2

[Event "11th Niki Open 2013"]
[Site "Nachod CZE"]
[Date "2013.06.30"]
[Round "2.20"]
[White "Malaniuk,V"]
[Black "Vochozka,J"]
[Result "1-0"]
[WhiteElo "2529"]
[BlackElo "1776"]

1.d4 d5 2.c4 e6 3.Nf3 Nf6 4.Nc3 c6 5.e3 Nbd7 6.Qc2 Be7 7.b3 O-O 8.Bd3 b6
9.O-O Bb7 10.Bb2 Rc8 11.Rad1 Re8 12.Ne5 Qc7 13.f4 a6 14.Kh1 g6 15.Rf3 c5
16.Rh3 cxd4 17.exd4 Nf8 18.Qe2 dxc4 19.bxc4 Red8 20.Bb1 N6d7 21.d5 Nxe5 22.fxe5 Qxc4
23.Bd3 Qb4 24.d6 Bg5 25.a3 Qa5 26.Be4 Rd7 27.Bxb7 Rxb7 28.Ne4 Bd8 29.Qf3 Rc2
30.Nf6+ Bxf6 31.Qxb7 Bxe5 32.Bxe5 Qxe5 33.Rf3 f5 34.Rfd3 Re2 35.Qxb6 Re1+
36.Rxe1 Qxe1+ 37.Qg1 Qe4 38.Rd1 Nd7 39.Qa7 Qc6 40.Qc7 Qb5 41.Qd8+ Nf8 42.d7  1-0

[Event "XXII Anderssen Mem Final A"]
[Site "Wroclaw POL"]
[Date "2013.06.30"]
[Round "3.2"]
[White "Cyborowski,L"]
[Black "Sabuk,P"]
[Result "1-0"]
[WhiteElo "2548"]
[BlackElo "2222"]

1.Nf3 d5 2.d4 Nf6 3.c4 e6 4.Nc3 c6 5.e3 Nbd7 6.b3 Bd6 7.Be2 O-O 8.O-O Ne4
9.Bb2 f5 10.Bd3 Rf6 11.Ne2 Rh6 12.Ne5 Qh4 13.h3 g5 14.f3 Nef6 15.Qe1 Qh5
16.cxd5 Nxd5 17.Nc4 Bc7 18.e4 Nf4 19.Nxf4 Bxf4 20.exf5 exf5 21.Bxf5 Nf6 22.Bxc8 Rxc8
23.Qe6+ Kg7 24.Qxc8 Qh4 25.Qxb7+ Kg6 26.Ne5+  1-0

[Event "DC International"]
[Site "Arlington USA"]
[Date "2013.07.01"]
[Round "9.11"]
[White "Mo,Kevin"]
[Black "Aaron,D"]
[Result "1/2-1/2"]
[WhiteElo "2273"]
[BlackElo "2271"]

1.c4 c6 2.d4 d5 3.Nf3 Nf6 4.e3 e6 5.Nc3 Nbd7 6.Qc2 Bd6 7.b3 O-O 8.Be2 Re8
9.O-O e5 10.cxd5 cxd5 11.dxe5 Nxe5 12.Nb5 Nxf3+ 13.Bxf3 Bg4 14.Nxd6 Qxd6
15.Bb2 Bxf3 16.gxf3 Nd7 17.Qf5 Qe6 18.Qg4 Ne5 19.Qxe6 Rxe6 20.Bxe5 Rxe5 21.Rac1 Re7
22.Rfd1 Rd7 23.Rd4 Kf8 24.Kf1 Rad8 25.Ke2 Ke7 26.Kd2  1/2-1/2

[Event "IsBank TCh-TUR 2013"]
[Site "Denizli TUR"]
[Date "2013.07.01"]
[Round "3.2"]
[White "Sanikidze,T"]
[Black "Bagaturov,G"]
[Result "0-1"]
[WhiteElo "2553"]
[BlackElo "2444"]

1.d4 d5 2.c4 c6 3.Nc3 Nf6 4.e3 e6 5.Nf3 Nbd7 6.Qc2 Bd6 7.Bd3 dxc4 8.Bxc4 O-O
9.O-O a6 10.a4 c5 11.Rd1 Qc7 12.Bb3 cxd4 13.exd4 b6 14.h3 Bb7 15.Qe2 Rfe8
16.Be3 Bc6 17.Bg5 Qb7 18.Rd3 Ne4 19.Re1 Nxg5 20.Nxg5 Nf8 21.Qg4 Kh8 22.Qh5 Kg8
23.Red1 h6 24.d5 exd5 25.Rxd5 hxg5 26.Rxd6 Re7 27.Qxg5 Rae8 28.R1d3 Re5 29.Qf4 Bxg2
30.Bxf7+ Qxf7 31.Qxf7+ Kxf7 32.Kxg2 R8e6 33.f4 Rf5 34.Kg3 b5 35.axb5 axb5
36.b4 g5 37.fxg5 Rxg5+ 38.Kf4 Ree5 39.Kf3 Rgf5+ 40.Kg3 Ne6 41.h4 Re1 42.Rf3 Rg1+
43.Kf2 Rf1+ 44.Kxf1 Rxf3+ 45.Ke1 Rxc3 46.Rd5 Nc7 47.Rg5 Kf6 48.Rg8 Rc4 49.h5 Rxb4
50.h6 Rh4 51.Rc8 Ne6 52.Rb8 Nd4 53.Rd8 Nf5 54.Rd5 b4 55.Rb5 Nxh6 56.Kd2 Nf5
57.Rb6+ Ke5 58.Rb5+ Ke6 59.Kc1 Ne7  0-1

[Event "Klatov Open A 2013"]
[Site "Klatovy CZE"]
[Date "2013.07.01"]
[Round "3.12"]
[White "Bartos,J"]
[Black "Drahorad,D"]
[Result "1-0"]
[WhiteElo "2196"]
[BlackElo "2024"]

1.d4 d5 2.c4 c6 3.e3 Nf6 4.Nc3 e6 5.Nf3 Be7 6.b3 O-O 7.Bd3 Nbd7 8.O-O b6
9.Bb2 Bb7 10.Qe2 c5 11.cxd5 exd5 12.Rfd1 Ne4 13.dxc5 Nxc3 14.Bxc3 bxc5 15.Ba6 Bc6
16.Bb5 Qb6 17.Bxc6 Qxc6 18.Rac1 Rfc8 19.Qd2 Nb6 20.a4 Rd8 21.a5 Nc8 22.b4 cxb4
23.Bxg7 Qb5 24.Bb2 Rd6 25.Qd4 Bf6 26.Qg4+  1-0

[Event "IsBank TCh-TUR 2013"]
[Site "Denizli TUR"]
[Date "2013.07.02"]
[Round "4.7"]
[White "Savran,S"]
[Black "Koksal,E"]
[Result "0-1"]
[WhiteElo "1883"]
[BlackElo "2247"]

1.d4 d5 2.c4 c6 3.Nf3 e6 4.e3 Nf6 5.Nc3 Nbd7 6.Qc2 Bd6 7.Bd3 O-O 8.O-O dxc4
9.Bxc4 b5 10.Bd3 Bb7 11.e4 e5 12.Ne2 Re8 13.Ng3 exd4 14.Nf5 Bf8 15.N5xd4 a6
16.Bg5 h6 17.Bxf6 Qxf6 18.Nf5 c5 19.b3 Rac8 20.Ng3 g6 21.a4 c4 22.bxc4 b4
23.a5 Nc5 24.e5 Qc6 25.Rfe1 Bg7 26.Bf1 Qc7 27.Qe2 Nb3 28.Ra4 Nc5 29.Rxb4 Qxa5
30.Rbb1 Qc3 31.Qe3 Qxe3 32.Rxe3 Bxf3 33.Rxf3 Bxe5 34.Ra3 Rb8 35.Rd1 Red8
36.Rd5 Rxd5 37.cxd5 Rb1 38.Re3 Bd4 39.Re8+ Kg7 40.Ne2 Bf6 41.g3 a5 42.Kg2 a4
43.Ra8 Bb2 44.Nf4 a3 45.Bc4 Rc1 46.Ba2 Rd1 47.Ra7 Ne4 48.Kf3 Nd6 49.Ke2 Ra1
50.Bb3 Nb5 51.Rb7 Nd4+ 52.Kd2 Nxb3+ 53.Rxb3 Rf1 54.Ke2 Rh1 55.d6 a2 56.Ne6+ fxe6
57.Rb7+ Kf8 58.Rb8+ Kf7 59.d7 Bf6  0-1

[Event "IsBank TCh-TUR 2013"]
[Site "Denizli TUR"]
[Date "2013.07.02"]
[Round "4.5"]
[White "Ererdem,G"]
[Black "Sirin,A"]
[Result "1/2-1/2"]
[WhiteElo "1910"]
[BlackElo "2249"]

1.d4 d5 2.Nf3 Nf6 3.c4 e6 4.Nc3 c6 5.e3 Nbd7 6.Qc2 Bd6 7.Bd3 dxc4 8.Bxc4 b5
9.Bd3 Bb7 10.O-O O-O 11.a3 Rc8 12.b4 a5 13.Rb1 axb4 14.axb4 Qe7 15.e4 e5
16.dxe5 Nxe5 17.Nxe5 Bxe5 18.Be3 Ng4 19.g3 Nxe3 20.fxe3 Rfd8 21.Ne2 Rd7 22.Nf4 Rcd8
23.Rfd1 g6 24.Be2 Rxd1+ 25.Rxd1 Rxd1+ 26.Qxd1 Bc3 27.e5 Bxe5 28.Kf2 Bd6 29.Nd3 Qf6+
30.Kg1 Qc3 31.Kf2 Bc8 32.Nc5 Qf6+ 33.Kg1 Qe7 34.Qd4 Bf5 35.Bf3 Be5 36.Qd2 Qf6
37.Nd7 Bxd7 38.Qxd7 Qxf3 39.Qe8+ Kg7 40.Qxe5+ Qf6 41.Qc5 h5 42.h4 Qf3 43.Qe5+ Kh7
44.e4 Qd1+ 45.Kh2 Qd2+ 46.Kh1 Qxb4 47.Qf4 Qe7 48.Kg2 Kg7 49.e5 Qe6  1/2-1/2

[Event "4th AIMAG Women"]
[Site "Incheon KOR"]
[Date "2013.07.02"]
[Round "4.13"]
[White "Nakhbayeva,G"]
[Black "Farha,Doha"]
[Result "1-0"]
[WhiteElo "2339"]
[BlackElo "1813"]

1.d4 d5 2.c4 e6 3.Nc3 c6 4.e3 Nf6 5.Nf3 Nbd7 6.Bd3 dxc4 7.Bxc4 b5 8.Bb3 a6
9.e4 b4 10.e5 bxc3 11.exf6 cxb2 12.fxg7 Bxg7 13.Bxb2 Qa5+ 14.Kf1 Bb7 15.Kg1 Rg8
16.h4 Rd8 17.Rh3 Bf6 18.Qe2 Be7 19.Re1 Nf6 20.Ng5 Nd5 21.Bc1 Rg7 22.Rf3 Bc8
23.Rg3 Kf8 24.Bd2 Bb4 25.Bxb4+ Qxb4 26.Qe5 f6 27.Nxe6+  1-0

[Event "Klatov Open A 2013"]
[Site "Klatovy CZE"]
[Date "2013.07.02"]
[Round "4.27"]
[White "Vesely,Roman1"]
[Black "Zilavy,Jan"]
[Result "0-1"]
[WhiteElo "1899"]
[BlackElo "1774"]

1.Nf3 Nf6 2.d4 e6 3.c4 d5 4.Nc3 c6 5.e3 Bd6 6.Bd3 dxc4 7.Bxc4 Nbd7 8.O-O O-O
9.a3 a5 10.e4 e5 11.Bg5 exd4 12.Nxd4 Ne5 13.Be2 h6 14.Bxf6 Qxf6 15.f4 Bc5
16.Kh1 Ng6 17.e5 Qe7 18.Nc2 Rd8 19.Qe1 Bf5 20.Rc1 Qe6 21.Nd1 Qb3 22.Rf3 Qb6
23.Nc3 a4 24.Bc4 Qxb2 25.Ne3 Bxe3 26.Qxe3 Qxa3 27.h3 Qe7 28.g4 Bc8 29.Ne4 Nf8
30.f5 Qxe5 31.f6 Be6 32.fxg7 Qxg7 33.Nf6+ Kh8 34.Nh5 Qg5 35.Qc3+ f6 36.Nxf6 Qg7
37.Bxe6 Nxe6 38.Rf5 Ng5 39.h4 Nh7 40.g5 hxg5 41.hxg5 Nxf6 42.Rxf6 Kg8 43.Qe5 Re8
44.Qf4 Qh7+ 45.Kg1 Qd3 46.Qf2 Rf8 47.Rf1 Rxf6 48.Qxf6 Qd7 49.g6 a3 50.Qa1 Qg4+
51.Kh2 Qh5+ 52.Kg2 Qxg6+ 53.Kh2 Qh6+  0-1

[Event "21st Montcada Open"]
[Site "Montcada i Reixac ESP"]
[Date "2013.07.02"]
[Round "8.8"]
[White "Moreno Ruiz,J"]
[Black "Saptarshi,R"]
[Result "0-1"]
[WhiteElo "2486"]
[BlackElo "2447"]

1.d4 d5 2.c4 e6 3.Nc3 c6 4.e3 Nf6 5.Nf3 Nbd7 6.Bd3 dxc4 7.Bxc4 b5 8.Be2 a6
9.O-O Bb7 10.e4 b4 11.e5 bxc3 12.exf6 Nxf6 13.bxc3 Qc7 14.Rb1 Bd6 15.Qb3 Rb8
16.Ba3 O-O 17.Bxd6 Qxd6 18.Qb4 Qc7 19.Rb3 Nd7 20.Rfb1 c5 21.Qa3 Rfd8 22.h3 h6
23.Nh2 cxd4 24.cxd4 Bd5 25.Rxb8 Nxb8 26.Nf1 Be4 27.Rd1 Qb6 28.Ne3 Rxd4 29.Rxd4 Qxd4
30.Qe7 Qa1+ 31.Bf1 Nc6 32.Qe8+ Kh7 33.Qxf7 Nd4 34.Kh2 Bg6 35.Qa7 Qb2 36.Ng4 Nf5
37.Qxa6 h5 38.Ne3 Nxe3 39.fxe3 Qe5+ 40.Kh1 Qxe3 41.Qe2 Qf4 42.Kg1 e5 43.Qf2 Qb4
44.Qe3 e4 45.h4 Qa4 46.a3 Qa5 47.Bc4 Qd8 48.g3 Qd1+ 49.Bf1 Bf5 50.Qe2 Qd4+
51.Qf2 Qe5 52.Qe3 Bg4 53.Bg2 Bf3 54.Qe1 Qc5+ 55.Kh1 Qxa3 56.Kg1 Qc5+ 57.Kh1 Qc2  0-1

[Event "VIII Wroclaw Open A 2013"]
[Site "Wroclaw POL"]
[Date "2013.07.02"]
[Round "2.16"]
[White "Dmochowska,A"]
[Black "Paszewski,M"]
[Result "0-1"]
[WhiteElo "1807"]
[BlackElo "2052"]

1.d4 d5 2.c4 e6 3.Nc3 Nf6 4.Nf3 c6 5.e3 Nbd7 6.Bd3 dxc4 7.Bxc4 b5 8.Bd3 a6
9.O-O Bb7 10.a3 c5 11.Bc2 Qc7 12.Qe2 Rc8 13.dxc5 Bxc5 14.e4 h6 15.Rd1 O-O
16.Be3 Bxe3 17.Qxe3 Nb6 18.Bd3 Ng4 19.Qe2 Rfd8 20.h3 Ne5 21.Nxe5 Qxe5 22.Qe3 Qc5
23.Qg3 b4 24.axb4 Qxb4 25.Bxa6 Rxd1+ 26.Nxd1 Ra8 27.Qd3 Nc4 28.b3 Ne5 29.Qf1 Qb6
30.Ne3 Rxa6 31.Rxa6 Bxa6 32.Qd1 Bd3  0-1

[Event "IsBank TCh-TUR 2013"]
[Site "Denizli TUR"]
[Date "2013.07.03"]
[Round "5.2"]
[White "Esen,B"]
[Black "Gurevich,M"]
[Result "1/2-1/2"]
[WhiteElo "2562"]
[BlackElo "2589"]

1.d4 d5 2.c4 c6 3.Nf3 Nf6 4.Nc3 e6 5.e3 a6 6.b3 Bb4 7.Bd2 Nbd7 8.Bd3 O-O
9.O-O Bd6 10.Rc1 e5 11.cxd5 cxd5 12.dxe5 Nxe5 13.Nxe5 Bxe5 14.Ne2 Bg4 15.f3 Bd7
16.Bc3 Qe7 17.Qd2 Rfe8 18.Bb4 Qd8 19.Bc3 Qe7 20.Bb4 Qd8 21.Bc3 Qe7  1/2-1/2

[Event "41st TCh-GRE"]
[Site "Rio (Achaia) GRE"]
[Date "2013.07.03"]
[Round "3.4"]
[White "Papadakis,M"]
[Black "Minas,I"]
[Result "1/2-1/2"]
[WhiteElo "2222"]
[BlackElo "2045"]

1.d4 d5 2.c4 c6 3.Nc3 Nf6 4.e3 e6 5.Nf3 Be7 6.Bd3 Nbd7 7.O-O O-O 8.e4 dxc4
9.Bxc4 b5 10.Bd3 b4 11.Na4 Bb7 12.Bd2 c5 13.e5 Ne4 14.Be3 cxd4 15.Bxd4 Bd5
16.Qb1 Qa5 17.Bxe4 Bxe4 18.Qxe4 Qxa4 19.Rac1 Nb6 20.b3 Qa6 21.Bc5 Bxc5 22.Rxc5 h6
23.Qxb4 Qxa2 24.Ra5 Qb2 25.Rfa1 Nd5 26.Qa3 Qxa3 27.R5xa3 Rfb8 28.Nd4 Rb4
29.Nc6 Rb6 30.Na5 Rab8 31.Kf1 g5 32.Ke1 Nb4 33.Nc4 Nc2+ 34.Ke2 Nxa1 35.Nxb6 Rxb6
36.Rxa1 Rxb3 37.Rxa7 Rb5 38.Kf3 Rxe5 39.Kg3 Kg7 40.h4 Rc5 41.hxg5 hxg5 42.Ra3 Rc2
43.Ra6 Kg6 44.Rb6 Kf5 45.Rb5+ e5 46.Rb7 f6 47.f3 Rc4 48.Rb3 g4 49.Ra3 Rd4
50.Rb3 Kg5 51.Re3 gxf3 52.gxf3 Rd2 53.Re1 Rd3 54.Re2 Kf5 55.Re1 Rd8 56.Re4 Rg8+
57.Kf2 Rd8 58.Kg3 Rd4 59.Re1 e4 60.fxe4+ Rxe4 61.Ra1 Re3+ 62.Kf2 Rb3 63.Ra4 Kg5
64.Rc4 f5 65.Ra4 f4 66.Ra8 Rb2+ 67.Kf3 Rb3+ 68.Kf2 Kg4 69.Rg8+ Kf5 70.Rf8+ Kg4
71.Rg8+ Kf5 72.Rf8+ Kg4 73.Rg8+  1/2-1/2

[Event "47th Ilmar Raud Mem"]
[Site "Viljandi EST"]
[Date "2013.07.03"]
[Round "4.12"]
[White "Tsiganova,M"]
[Black "Lauk,U"]
[Result "0-1"]
[WhiteElo "2110"]
[BlackElo "2403"]

1.d4 d5 2.c4 c6 3.Nf3 Nf6 4.Nc3 e6 5.e3 Nbd7 6.Qc2 Bd6 7.g4 dxc4 8.g5 Nd5
9.Bxc4 e5 10.dxe5 Nxe5 11.Nxe5 Bxe5 12.f4 Bxc3+ 13.bxc3 O-O 14.Bd3 Re8 15.Bxh7+ Kh8
16.Kf2 Qb6 17.Rd1 Nxe3  0-1

[Event "IsBank TCh-TUR 2013"]
[Site "Denizli TUR"]
[Date "2013.07.04"]
[Round "6.5"]
[White "Goksel,D"]
[Black "Sirin,A"]
[Result "1/2-1/2"]
[WhiteElo "2242"]
[BlackElo "2249"]

1.Nf3 Nf6 2.c4 e6 3.d4 d5 4.Nc3 c6 5.e3 Nbd7 6.Qc2 Bd6 7.b3 O-O 8.Be2 a6
9.O-O e5 10.cxd5 cxd5 11.dxe5 Nxe5 12.Bb2 Qc7 13.h3 Be6 14.Rac1 Rac8 15.Qb1 Qe7
16.Nd4 Bb8 17.Rfd1 Rfd8 18.Bf1 Qd6 19.g3 h5 20.Nce2 h4 21.Rxc8 Bxc8 22.Nf5  1/2-1/2

[Event "IsBank TCh-TUR 2013"]
[Site "Denizli TUR"]
[Date "2013.07.04"]
[Round "7.6"]
[White "Miyak,B"]
[Black "Sirin,A"]
[Result "0-1"]
[WhiteElo "2109"]
[BlackElo "2249"]

1.d4 d5 2.c4 e6 3.Nf3 Nf6 4.Nc3 c6 5.e3 Nbd7 6.Bd3 dxc4 7.Bxc4 b5 8.Bd3 Bd6
9.O-O O-O 10.e4 e5 11.Bg5 exd4 12.Ne2 c5 13.Bxb5 Qb6 14.Bxd7 Nxd7 15.b3 Re8
16.Nd2 Ba6 17.Re1 Qb8 18.Bh4 Bxh2+ 19.Kh1 Be5 20.Ng3 Bf6 21.Nf3 Qd8 22.Bxf6 Qxf6
23.Rc1 Rad8 24.Kg1 d3 25.Qd2 g6 26.Qa5 Qb6 27.Qc3 Rc8 28.Qd2 c4 29.bxc4 Rxc4
30.Rb1 Qd6 31.Qh6 Qf8 32.Qg5 Rc2 33.Qa5 Qc5 34.Qxc5 Nxc5 35.Rec1 Rc8 36.Rd1 Rxa2
37.e5 Kg7 38.Rbc1 Rc2 39.Ra1 Rd8 40.Nf1 Rb2 41.N1d2 Rd7 42.Rdc1 Rc2 43.Rcb1 Bb7
44.Rxa7 Bxf3 45.Rxd7 Nxd7 46.Nxf3 d2 47.Kh2 Nxe5 48.Rd1 Nxf3+ 49.gxf3 Kf6
50.f4 Kf5 51.Kg3 Ke4  0-1

[Event "Karvina Open 2013"]
[Site "Karvina CZE"]
[Date "2013.07.04"]
[Round "6.11"]
[White "Weissmann,L"]
[Black "Borovicka,B"]
[Result "1-0"]
[WhiteElo "2136"]
[BlackElo "2000"]

1.Nf3 d5 2.c4 c6 3.d4 e6 4.Nc3 Nf6 5.e3 Ne4 6.Bd3 f5 7.Ne5 Qh4 8.Bxe4 dxe4
9.O-O Bd6 10.f4 O-O 11.Qe2 Nd7 12.Bd2 c5 13.Nb5 Qe7 14.a3 Bxe5 15.dxe5 b6
16.b4 Rd8 17.Bc3 Bb7 18.Nd6 Rab8 19.Rfd1 a6 20.b5 axb5 21.Nxb5 Bc6 22.Rd6 Bxb5
23.cxb5 Nf8 24.Rad1 Rd7 25.Qd2 Ra7 26.Bb2 Qe8 27.Rc6 Rd7 28.Rd6 Ra7 29.Qe2 Ra5
30.Rc6 Ra7 31.Rdd6 Rab7 32.g4 g6 33.h3 Qe7 34.g5 Kg7 35.h4 h5 36.Qc4 Kf7
37.Kg2 Qe8 38.Kg3 Qe7 39.Bc3 Qe8 40.a4 Kg7 41.a5 bxa5 42.b6 a4 43.Qxc5 Kh8
44.Rc7 Rxc7 45.bxc7 Rc8 46.Bb4 Kg8 47.Qb6  1-0

[Event "11th Niki Open 2013"]
[Site "Nachod CZE"]
[Date "2013.07.04"]
[Round "6.15"]
[White "Vlckova,Katerina"]
[Black "Szucs,Matyas"]
[Result "1/2-1/2"]
[WhiteElo "1839"]
[BlackElo "2001"]

1.d4 d5 2.c4 e6 3.Nc3 c6 4.Nf3 Nf6 5.e3 Nbd7 6.Qc2 Bd6 7.b3 O-O 8.Bb2 dxc4
9.Bxc4 e5 10.dxe5 Nxe5 11.Nxe5 Bxe5 12.h3 Qe7 13.O-O Be6 14.Bxe6 Qxe6 15.Rad1 Rad8
16.Ne2 Bxb2 17.Qxb2 Nd5 18.Rd4 c5 19.Rg4 f6 20.e4 Nb4 21.Nf4 Qf7 22.e5 Nd3
23.Nxd3 Rxd3 24.Qc2 Rd5 25.exf6 Qxf6 26.Qc4 Qf7 27.Rf4 Qd7 28.Rxf8+ Kxf8
29.Qf4+ Rf5 30.Qb8+ Kf7 31.Qxa7 Qd5 32.Qb8 Rg5 33.Qf4+ Kg6 34.f3 Qe5 35.Qe4+ Qxe4
36.fxe4 Re5 37.Rf4 b5 38.Kf2 Kh6 39.Ke3 g6 40.Rf7 Re6 41.Kf4 c4 42.g4 g5+
43.Kf5 Rc6 44.bxc4 bxc4 45.h4 Rg6 46.hxg5+ Rxg5+ 47.Ke6 Rxg4 48.Kd5 Rg2 49.a4 c3
50.Rc7 Ra2 51.Rxc3 Rxa4 52.Rg3 Kh5 53.Ke5 Kh4 54.Rg1 Ra7 55.Kf5 Rf7+ 56.Ke6 Rf4
57.e5 h5 58.Kd6 Re4 59.e6 Kh3 60.Rh1+ Kg4 61.e7 h4 62.Rg1+ Kf4 63.Rg6 h3
64.Re6 Rxe6+  1/2-1/2

[Event "41st TCh-GRE"]
[Site "Rio (Achaia) GRE"]
[Date "2013.07.04"]
[Round "3.9"]
[White "Halioris,Stefanos-Anthimos"]
[Black "Korniotis,F"]
[Result "0-1"]
[WhiteElo "1614"]
[BlackElo "1872"]

1.d4 Nf6 2.c4 e6 3.Nf3 d5 4.e3 c6 5.Nc3 Bd6 6.Bd3 O-O 7.O-O Nbd7 8.b3 Qe7
9.Qc2 a6 10.Bb2 e5 11.dxe5 Nxe5 12.Nd4 Nxd3 13.Qxd3 Ng4 14.Nf3 dxc4 15.Qxc4 Be6
16.Qe2 Qc7 17.h3 Nf6 18.Qc2 h6 19.Nd4 Rfe8 20.Nxe6 Rxe6 21.Rfd1 Be5 22.Ne2 Nd5
23.Bxe5 Qxe5 24.Nd4 Rf6 25.Nf3 Qe6 26.Re1 Re8 27.Rad1 Rg6 28.Nh4 Rg5 29.Nf3 Rh5
30.Rd4 c5 31.Rh4 Nb4 32.Qe2 Rxh4 33.Nxh4 Qe4 34.Nf3 Nd3 35.Rd1 Nf4 36.Qc4 Nxh3+
37.Kf1 Qxc4+ 38.bxc4 Ng5 39.Nxg5 hxg5 40.Rd5 b6 41.Rxg5 Re4 42.Rd5 Rxc4 43.Rd2 Kf8
44.Ke2 Ke7 45.Kd1 b5 46.Rd3 Rg4 47.g3 Rg6 48.Kc2 Rd6 49.Rc3 c4 50.a4 Rh6
51.Kb2 Rh2 52.Rc2 Kd6 53.axb5 axb5 54.Re2 Kc5 55.Kc3 b4+ 56.Kc2 f5 57.Kb2 c3+
58.Kb3 Rh1 59.f3 Ra1 60.e4 Ra3+ 61.Kc2 Ra2+ 62.Kd3 Rxe2 63.Kxe2 fxe4 64.fxe4 Kd4  0-1

[Event "Karvina Open 2013"]
[Site "Karvina CZE"]
[Date "2013.07.05"]
[Round "7.6"]
[White "Jaworski,Mi"]
[Black "Fargac,M"]
[Result "1-0"]
[WhiteElo "2287"]
[BlackElo "2148"]

1.d4 d5 2.c4 c6 3.Nf3 Nf6 4.Nc3 e6 5.e3 Nbd7 6.Qc2 Be7 7.b3 b6 8.Bb2 Bb7
9.Bd3 Qc7 10.O-O O-O 11.Rad1 h6 12.Qe2 Rac8 13.Ne5 Rfd8 14.f4 c5 15.f5 Nf8
16.fxe6 fxe6 17.Nb5 Qb8 18.dxc5 Rxc5 19.b4 Rcc8 20.Ng4 N8h7 21.Be5 Qa8 22.Nc7 Rxc7
23.Bxc7 Rf8 24.Be5 Bxb4 25.Bxf6 Nxf6 26.Nxf6+ gxf6 27.Qg4+ Kh8 28.cxd5 Bc5
29.Qxe6  1-0

[Event "Karvina Open 2013"]
[Site "Karvina CZE"]
[Date "2013.07.05"]
[Round "7.12"]
[White "Szotkowski,J"]
[Black "Richterova,Natasa"]
[Result "1-0"]
[WhiteElo "2183"]
[BlackElo "2050"]

1.Nf3 d5 2.c4 c6 3.d4 Nf6 4.Nc3 e6 5.e3 Nbd7 6.Be2 Be7 7.O-O O-O 8.b3 b6
9.Bb2 Bb7 10.Rc1 Rc8 11.Ne5 dxc4 12.bxc4 c5 13.Bf3 Bxf3 14.Qxf3 cxd4 15.exd4 a6
16.Nc6 Qe8 17.Rfe1 Nb8 18.Nxe7+ Qxe7 19.Nd5 Nxd5 20.cxd5 Qd7 21.dxe6 fxe6
22.Rxc8 Rxc8 23.Qe4 Nc6 24.h3 Nd8 25.Re3 Qc6 26.Qf4 Qc7 27.Qg5 h6 28.Qg4 Qc2
29.Rg3 Rc7 30.Bc3 Qb1+ 31.Kh2 Qf5 32.Qh4 Nf7 33.d5 g5 34.Qd4 e5 35.Qxb6 Rd7
36.Qe6 Qxe6 37.dxe6 Rd5 38.exf7+  1-0

[Event "Karvina Open 2013"]
[Site "Karvina CZE"]
[Date "2013.07.05"]
[Round "7.1"]
[White "Simantsev,M"]
[Black "Sobek,J"]
[Result "1/2-1/2"]
[WhiteElo "2473"]
[BlackElo "2319"]

1.d4 d5 2.c4 e6 3.Nc3 c6 4.e3 Nf6 5.Nf3 Nbd7 6.Qc2 Bd6 7.b3 O-O 8.Bd3 Re8
9.O-O h6 10.Bb2 Qe7 11.Rfe1 b6 12.Rad1 Bb7 13.Bf1 Rad8 14.g3 Ba3 15.Ba1 Bb4
16.Bg2 Ne4 17.Nd2 Nxd2 18.Rxd2 Nf6 19.Rc1 c5 20.dxc5 Qxc5 21.Qd1 Qe7 22.cxd5 Nxd5
23.Nxd5 Bxd5 24.Rd3 Bxg2 25.Kxg2 Qb7+ 26.Kg1 Be7 27.Qg4 Bf8 28.Qd1 Be7 29.Be5 Rxd3
30.Qxd3 Rc8 31.Rc4 f6 32.Bd6 Rxc4 33.Qxc4 Kf7 34.Bxe7 Kxe7 35.h4 Kf7 36.h5 Qd7
37.Kg2 Qb7+ 38.e4 Qd7 39.a4 a5 40.f4 Qd2+ 41.Kh3 Qd1 42.f5 Qd6 43.Kg4 Qd1+
44.Kf4 Qd2+ 45.Kf3 Qd1+ 46.Kg2 Qd2+ 47.Kh3 Qd6 48.Kh4 Ke7 49.Qc8 Kf7 50.Qb7+ Kf8
51.Qc8+ Kf7 52.Qc4 Ke7 53.Kh3 Kf7 54.Qc8 exf5 55.Qxf5 Qe6 56.Qxe6+  1/2-1/2

[Event "Klatov Open A 2013"]
[Site "Klatovy CZE"]
[Date "2013.07.05"]
[Round "7.18"]
[White "Novak,Jar"]
[Black "Kudrlicka,L"]
[Result "0-1"]
[WhiteElo "1900"]
[BlackElo "2076"]

1.d4 d5 2.Nf3 Nf6 3.c4 e6 4.Nc3 c6 5.e3 Bd6 6.Bd3 Nbd7 7.e4 dxe4 8.Nxe4 Nxe4
9.Bxe4 Nf6 10.Bc2 h6 11.O-O O-O 12.Bd2 b5 13.b3 bxc4 14.bxc4 Ba6 15.Bd3 c5
16.Bc3 Bb7 17.dxc5 Bxc5 18.Rb1 Qc7 19.Be5 Qc6 20.Qe2 Rad8 21.Rfd1 Ne4 22.Bxe4 Qxe4
23.Re1 Qc6 24.Rec1 Rd7 25.h3 Rfd8 26.Bc3 Qe4 27.Re1 Qxe2 28.Rxe2 Bxf3 29.gxf3 Rd3
30.Ba5 Rd1+ 31.Re1 Rxe1+ 32.Bxe1 Rd4 33.Kg2 Rxc4 34.Rb2 Bd4 35.Rb4 Rxb4 36.Bxb4 Kh7
37.f4 Kg6 38.Kf3 Kf5 39.Bd6 f6 40.Bf8 Kg6 41.Kg3 Kf7 42.Bd6 g6 43.f3 Ke8
44.Kg2 Kd7 45.Bb8 Bc5 46.f5 gxf5 47.Bf4 h5 48.Kf1 e5 49.Bd2 f4 50.Ke2 Kc6
51.Kd3 Kd5 52.Ba5 f5 53.Bc7 e4+ 54.Ke2 Be3 55.Ba5 Kc4 56.Be1 Bc1 57.Bf2 a6
58.Be1 Kb5 59.Kd1 Be3 60.Kc2 Ka4  0-1

[Event "11th Niki Open 2013"]
[Site "Nachod CZE"]
[Date "2013.07.05"]
[Round "7.11"]
[White "Kuciel,W"]
[Black "Horak,Ji1"]
[Result "0-1"]
[WhiteElo "1986"]
[BlackElo "2196"]

1.d4 Nf6 2.c4 e6 3.Nf3 d5 4.e3 c6 5.Nc3 Nbd7 6.Qc2 Bd6 7.g4 Nxg4 8.Rg1 h5
9.h3 Qf6 10.Be2 Nh6 11.e4 dxe4 12.Nxe4 Qe7 13.Rxg7 Nf5 14.Rg1 b6 15.Bd2 Bb7
16.O-O-O O-O-O 17.Nxd6+ Qxd6 18.Qa4 Kb8 19.b4 Nxd4 20.Nxd4 Qxd4 21.Be3 Qc3+
22.Kb1 c5 23.a3 Ne5 24.Rxd8+ Rxd8 25.Rc1 Be4+ 26.Ka2 Rd2+ 27.Bxd2 Qxd2+  0-1

[Event "11th Niki Open 2013"]
[Site "Nachod CZE"]
[Date "2013.07.05"]
[Round "7.18"]
[White "Nyvlt,O"]
[Black "Kolibik,J"]
[Result "1-0"]
[WhiteElo "1995"]
[BlackElo "1690"]

1.Nf3 Nf6 2.d4 d5 3.c4 c6 4.e3 e6 5.Nc3 Nbd7 6.cxd5 exd5 7.Bd3 Be7 8.O-O O-O
9.Qc2 Re8 10.b3 Bf8 11.Bb2 g6 12.Rfe1 Bg7 13.Rad1 Nb6 14.Ne5 Ng4 15.Nxg4 Bxg4
16.f3 Be6 17.Ne2 Nd7 18.Nf4 Nf8 19.Bf1 Qb6 20.Ba3 Qc7 21.b4 a6 22.Bc1 Qb6
23.Bd2 Bd7 24.a4 Ne6 25.a5 Qa7 26.Ne2 Nxd4 27.Nxd4 Bxd4 28.exd4 Qxd4+ 29.Kh1 Bf5
30.Qc3 Qf2 31.Rxe8+ Rxe8 32.Bh6 d4 33.Qxd4 Qxd4 34.Rxd4 Be6 35.Re4 f5 36.Rxe6 Rxe6
37.Bc4 Kf7 38.Kg1 Kf6 39.Bg7+ Ke7 40.Bf8+ Kd7 41.Bxe6+ Kxe6 42.Kf2  1-0

[Event "41st TCh-GRE"]
[Site "Rio (Achaia) GRE"]
[Date "2013.07.05"]
[Round "5.3"]
[White "Banikas,H"]
[Black "Nikolaidis,I"]
[Result "1/2-1/2"]
[WhiteElo "2609"]
[BlackElo "2559"]

1.d4 Nf6 2.c4 c6 3.Nc3 d5 4.Nf3 e6 5.e3 Nbd7 6.Qc2 Bd6 7.Bd3 O-O 8.O-O e5
9.cxd5 cxd5 10.e4 exd4 11.Nxd5 Nxd5 12.exd5 h6 13.Nxd4 Qh4 14.Nf3 Qh5 15.Bh7+ Kh8
16.Qf5 Qxf5 17.Bxf5 Nf6 18.Bc2 b6 19.Rd1 Bb7 20.Bb3 Rad8 21.Rd3 Bc7 22.Bd2 Bxd5
23.Bxd5 Rxd5 24.Rxd5 Nxd5 25.Rc1 Rd8 26.h4 Kg8 27.Kf1 Rd7 28.g3 h5 29.Rc4 f6
30.a4 a5 31.Rd4 Kf7 32.Ke2 Ke6  1/2-1/2

[Event "41st TCh-GRE"]
[Site "Rio (Achaia) GRE"]
[Date "2013.07.05"]
[Round "5.2"]
[White "Zahariev,Z"]
[Black "Mastrovasilis,D"]
[Result "1-0"]
[WhiteElo "2397"]
[BlackElo "2606"]

1.d4 d5 2.c4 e6 3.Nf3 Nf6 4.Nc3 c6 5.e3 Nbd7 6.Qc2 b6 7.Bd3 Bb7 8.O-O dxc4
9.Bxc4 c5 10.Qe2 a6 11.a4 Bd6 12.e4 cxd4 13.Nxd4 Qb8 14.f4 e5 15.Nf5 O-O
16.Qd3 Bc5+ 17.Kh1 g6 18.Nh6+ Kg7 19.f5 Qd6 20.Qh3 Qd4 21.Bxf7 Bxe4 22.Bg5 Qd3
23.Qh4 Qc2 24.Nxe4 Qxe4 25.Qh3 Ra7 26.fxg6 hxg6 27.Qe6 Nh7 28.Nf5+ gxf5 29.Qg6+ Kh8
30.Bh6 Rxf7 31.Qxf7 Qg4 32.Rxf5 Bf8 33.Bxf8 Ndxf8 34.Qxa7 Qxf5 35.Qxb6 Qd3
36.Qc5 Ng6 37.Rc1 Nf6 38.b4 Ne4 39.Qa7 Nf8 40.Qf7 Qd6  1-0

[Event "Karvina Open 2013"]
[Site "Karvina CZE"]
[Date "2013.07.06"]
[Round "8.13"]
[White "Weissmann,L"]
[Black "Olsar,Z"]
[Result "1/2-1/2"]
[WhiteElo "2136"]
[BlackElo "1956"]

1.Nf3 Nf6 2.c4 c6 3.Nc3 d5 4.e3 e6 5.d4 Nbd7 6.Bd3 dxc4 7.Bxc4 b5 8.Bd3 Bb7
9.a3 a6 10.O-O c5 11.Qe2 Qb6 12.Rd1 Be7 13.Ne5 Nxe5 14.dxe5 Nd5 15.Qg4 O-O-O
16.e4 Nxc3 17.bxc3 h5  1/2-1/2

[Event "ch-NOR 2013"]
[Site "Lillehammer NOR"]
[Date "2013.07.06"]
[Round "9.8"]
[White "Chavannes,I"]
[Black "Devereaux,M"]
[Result "1-0"]
[WhiteElo "2181"]
[BlackElo "2356"]

1.d4 Nf6 2.c4 e6 3.Nf3 d5 4.Nc3 c6 5.e3 Nbd7 6.Bd3 dxc4 7.Bxc4 b5 8.Bd3 Bb7
9.O-O Be7 10.Qe2 O-O 11.e4 b4 12.Na4 Qa5 13.b3 c5 14.e5 Nd5 15.Qe4 g6 16.Bg5 Qd8
17.Qh4 cxd4 18.Bxe7 Qxe7 19.Ng5 h5 20.Rae1 Kg7 21.Be4 Kh6 22.f4 N7b6 23.g4 Nxa4
24.bxa4 Rab8 25.gxh5 gxh5 26.Rf3 Nxf4 27.Rg3 Nh3+ 28.Qxh3 Rg8 29.Qf1 Qxg5
30.Rxg5 Rxg5+ 31.Kh1 Rf5 32.Qg2 Bxe4 33.Qxe4 Rd8 34.Qd3 Rd5 35.Qd2+ Kh7 36.Qxb4 d3
37.Qd2 a5 38.Re3 Rfxe5 39.Rg3 Rd8 40.Qf4 Rf5 41.Qd2 Rd4 42.Qc3 Rff4 43.Qxa5 Rf5
44.Qc3 Rfd5 45.Qc7 Rf5 46.Qc8 Rg4 47.Qd7 d2 48.Qxd2 Rxa4 49.Qb2 Rg4 50.Rxg4 hxg4
51.a4  1-0